000 00805nam a2200253Ia 4500
003 OSt
005 20220923224851.0
006 a|||||r|||| 00| 0
007 ta
008 220922b |||||||| |||| 00| 0 hin d
024 _a252,642
037 _cTextual
040 _aARTS
_cARTS
_bhin
041 _2hin
_ahin
082 _aR6wN3, 152K5
100 _aगोपीनाथ
_9156280
245 0 _aकाशी की सारस्वत साधना
246 _aKāshī kī sārasvat sādhanā
260 _aपटना
_b बिहार - राष्ट्रभाषा - परिषद्
_c1965
300 _a79पृ.
_ccm.
650 _aधर्मशास्त्र
942 _hR6wN3, 152K5
_cTEXL
_2CC
999 _c374242
_d374242